000 00537nam a2200205Ia 4500
999 _c12732
_d12732
001 11893
003 OSt
005 20190207113227.0
008 140331s9999 xx 000 0 und d
020 _a0-201-41663-8
040 _cPK-LaUMT
082 _a 005.3
_bPLA-F
100 _aEekelen, Marko Van, J.T.
245 _aFunctional programming and parallel graph rewriting
_cEekelen, Marko Van, J.T.<>Plasmijer, Rinus
260 _c1993
300 _a571 p.
546 _aEN
700 _aPlasmijer, Rinus
942 _cWEEDED OUT
_2ddc